Sports Quiz

Random Sports or NBA Quiz

Golden State Warriors MVP Votes Quiz Stats

 Plays Quiz not verified by Sporcle

Challenge
Share
Tweet
Embed
Score 0/47 Timer 04:00
0 Plays Today
Year Player % Correct
2016Stephen Curry
99.7%
2015Stephen Curry
99.7%
2014Stephen Curry
99.7%
2013Stephen Curry
99.7%
2017Stephen Curry
99.7%
2018Stephen Curry
99.7%
2018Kevin Durant
99.1%
2017Kevin Durant
98.9%
2015Klay Thompson
97.2%
2016Draymond Green
96.2%
1964Wilt Chamberlain
84%
1963Wilt Chamberlain
84%
1962Wilt Chamberlain
84%
1961Wilt Chamberlain
84%
1960Wilt Chamberlain
84%
1992Chris Mullin
78%
1989Chris Mullin
78%
1976Rick Barry
72.5%
1975Rick Barry
72.5%
1974Rick Barry
72.5%
1973Rick Barry
72.5%
1967Rick Barry
72.5%
1992Tim Hardaway
66.6%
1991Tim Hardaway
66.6%
Year Player % Correct
2007Baron Davis
60.6%
2013David Lee
55.4%
1974Clyde Lee
55.3%
1994Latrell Sprewell
37.4%
1974Nate Thurmond
37%
1973Nate Thurmond
37%
1967Nate Thurmond
37%
1961Paul Arizin
32.3%
1959Paul Arizin
32.3%
1958Paul Arizin
32.3%
1957Paul Arizin
32.3%
1956Paul Arizin
32.3%
1987Joe Barry Carroll
23.5%
1976Phil Smith
21.5%
1985Purvis Short
16.2%
1958Neil Johnston
14.6%
1976Jamaal Wilkes
14.6%
1982Bernard King
12%
1981Bernard King
12%
1976Clifford Ray
8.3%
1960Tom Gola
6.8%
1959Tom Gola
6.8%
1956Tom Gola
6.8%

You're not logged in!

Compare scores with friends on all Sporcle quizzes.
OR
Log In

You Might Also Like...

Show Comments

Extras

Top Quizzes Today


Score Distribution

Your Account Isn't Verified!

In order to create a playlist on Sporcle, you need to verify the email address you used during registration. Go to your Sporcle Settings to finish the process.

Report this User

Report this user for behavior that violates our Community Guidelines.

Details: